000 01019nam a2200253 i 4500
001 60589
003 ES-MaACL
005 20230906164250.0
007 t|
008 031105s1930 ag ||||1| spa d
100 1 _aEspinosa, Aurelio M.
_947875
245 1 0 _aEstudios sobre el español de Nuevo Méjico /
_cpor Aurelio M. Espinosa ; traducción y reelaboración con notas por Armando Alonso y Angel Rosenblat.
260 _aBuenos Aires :
_b[s.n.],
_c1930 (
_fImp. universidad)
300 _a472 p., 1 lám. 1 gráf. pleg. ;
_c23 cm.
490 1 _aBiblioteca de dialectología hispanomericana
500 _aEs el T. I.
500 _aPrecede al tít.: Facultad de Filosofía y Letras de la Universidad de Buenos Aires. Instituto de Filología.
700 1 _aAlonso, Armando.
_920187
700 1 _aRosenblat, Angel.
_999732
710 2 _aInstituto de Filología (Buenos Aires)
_94943
830 0 _aBiblioteca de dialectología hispanomericana
_9230566
852 _aES-MaACL
_jC-7240
999 _c60589
_d60589